| 000 | 00530nam a2200205 a 4500 | ||
|---|---|---|---|
| 999 |
_c6523 _d6523 |
||
| 001 | 6523 | ||
| 003 | BD-JhCC | ||
| 005 | 20180124190154.0 | ||
| 008 | 180124s1965 uk |||| |||| 000 0 eng d | ||
| 035 | _a(BD-JhCC)6523 | ||
| 040 |
_aBD-JhCC _dBD-JhCC |
||
| 041 | _aeng | ||
| 082 |
_a821.1 _bPOP 1965 |
||
| 245 |
_aPope selected poems / _cedited by Douglas Grant |
||
| 260 |
_aLondon : _bOxford University Press, _c1965. |
||
| 300 |
_a247 p. : _c18 cm. |
||
| 650 | _aCollected poems | ||
| 700 | _a Grant, Douglas | ||
| 942 |
_2ddc _cBK |
||